Intoxicaciones alimentarias de etiología microbiana
Uloženo v:
| Hlavní autor: | |
|---|---|
| Médium: | Kniha |
| Jazyk: | španělština |
| Vydáno: |
Zaragoza
Acribia
1994
|
| Témata: | |
| Tagy: |
Přidat tag
Žádné tagy, Buďte první, kdo vytvoří štítek k tomuto záznamu!
|
MARC
| LEADER | 00000nam a2200000 a 4500 | ||
|---|---|---|---|
| 001 | UCP9614 | ||
| 003 | CL-VaPUC | ||
| 008 | 000331e19940000SP |||||||||||||||||spa|d | ||
| 082 | 0 | 4 | |a 576.163 |b ELE |2 21 |
| 100 | 0 | |a Eley, Adrian R |e author |9 440269 | |
| 245 | 1 | 0 | |a Intoxicaciones alimentarias de etiología microbiana |
| 300 | |a 208 p | ||
| 942 | |c BK | ||
| 945 | |d 20000331 00:00:00 |a vberengu | ||
| 260 | |a Zaragoza |b Acribia |c 1994 | ||
| 650 | 7 | |a BACTERIOLOGIA DE LOS ALIMENTOS |2 CL-VaPUC |9 325367 | |
| 650 | 0 | |a Epidemiología |9 271159 | |
| 650 | 0 | |a Intoxicación por alimentos |9 325368 | |
| 650 | 7 | |a ENFERMEDADES BACTERIANAS |2 CL-VaPUC |9 440270 | |
| 583 | |a last modification |c 20000331 00:00:00 |k Rodrigo Vera | ||
| 999 | |c 286406 |d 286404 | ||
| 952 | |0 0 |1 0 |4 0 |6 576_163000000000000_ELE_1994 |7 0 |8 A |9 332219 |a BIBALI |b BIBALI |c GEN |d 2019-11-20 |i 3596141 |l 3 |m 1 |o 576.163 ELE 1994 |p 3596141 |r 2025-01-20 |s 2022-06-07 |w 2019-11-20 |y BK |k ALI | ||